| 000 | 01049cab a2200229 4500 | ||
|---|---|---|---|
| 001 | ##L135098 | ||
| 008 | 060925n2006 000 0 eng u | ||
| 035 | _a(Sirsi) u135098 | ||
| 041 | 0 | _aeng | |
| 100 | 1 | _aUnger, Paul | |
| 245 | 0 | 0 |
_aMerseyside _bregional |
| 260 | _c2006 | ||
| 490 | 0 |
_aProperty Week _v71(38) 22 September 2006, 97-121(12) |
|
| 520 | _aExamines various aspects of the commercial property market in the Merseyside area, including Peel Developments' plans for Wirral Waters; the possible downturn in take-up of office space in Liverpool; Merepark and Ballymore's Central Village retail and leisure development in Liverpool; Neptune Development's proposals for the regeneration of New Brighton; the market for industrial sheds in Liverpool and a planned leisure development to create Liverpool Sports Park. | ||
| 590 | _aIKA031006 | ||
| 651 | 4 | _aMERSEYSIDE | |
| 651 | 4 | _aLIVERPOOL | |
| 651 | 4 | _aWIRRAL | |
| 690 | _aPROPERTY-COMMERCIAL PROPERTY-COMMERCIAL PROPERTY MARKET | ||
| 700 | 1 | _aGreig-Smith, Heather | |
| 942 | _n0 | ||
| 999 |
_c77781 _d77781 |
||